Úryvky z románu bolo to včera ...

Bibliographic Details
Main Author: Kučerková, Magda, 1976- (Author)
Format: Article
Language:Slovak
Subjects:

MARC

LEADER 00000nab a2200000 a 4500
001 vtls008940038
003 SK-MaSNL
005 20260304180620.0
008 250505c2006 xo mr|p|||||||000 b|slo
015 |a SNBRB2007/01  |2 snkbucl 
035 |a (uuid)6c05ed05-362c-4e98-9df1-29c4b010f406 
035 |a urn:nbn:sk:snk-abc1b7 
035 |a (urnnbn)urn:nbn:sk:snk:ar-004fnm 
038 |a SNKBUCL 
040 |a SNKBUCL  |b slo  |c SNKBUCL  |e AACR2 
041 0 |a slo 
044 |a xo  |c SK 
080 |a 82:929:821.134.2 (85)  |2 1997 
080 |a 821.134.2 (85):929  |2 1997 
080 |a 929 Bayly, Jaime  |2 1997 
100 1 |a Kučerková, Magda,  |d 1976-  |4 aut  |9 237247 
245 1 0 |a Úryvky z románu bolo to včera ...  |c Magdaléna Kučerková 
600 1 7 |a Bayly, Jaime  |d 1965-  |2 snkbucl  |9 1510352 
773 0 |t Revue svetovej literatúry  |g Roč. XLII, č. 4 (2006), s. 125-128 
850 |a Slovenská národná knižnica 
852 |a Slovenská národná knižnica 
958 |a article15 
958 |a OND 
958 |a LX 
958 |a PE 
958 |a BC 
958 |a EUIPO 
999 |c 3018821  |d 3020751